00774nam a22002177a 4500003000800000008004100008020001500049037001700064040002600081041000800107080001300115100002700128245012500155260005800280300003800338504001400376650004000390650004100430650004700471700003800518BI-BuBU160114t1987 fr ||||dr|||| 00| 0 fre d a2760504190 bDon canadien aBI-BuBUbfrecBI-BuBU0 afre a159.9 071 4aut.aGoyette, Gabriel13aLa recherche-actionbses fonctions, ses fondements et son instrumentationcGabriel Goyette et Michèle Lessard-Hébert aQuébecbPresses de l'Université du Québecc1987 aXI-204 p.bcouv. en coul.c23 cm. aBibliogr. 72BI-BuBUaRecherche-actionxFonction 72BI-BuBUaRecherche-actionxFondement 72BI-BuBUaRecherche-actionxInstrumentation1 4aut.aLessard-Hébert, Michèle